| 000 | 00972nam a22002777a 4500 | ||
|---|---|---|---|
| 003 | URS | ||
| 005 | 20250327173858.0 | ||
| 008 | 250122t2023 ph ||||| |||| 00| 0 eng d | ||
| 020 | _a9786214271375 | ||
| 040 |
_cDLC _aDLC _beng _dDLC _dURS _erda |
||
| 050 | 0 | 0 |
_aKPM1205 _b.P3137 2023 |
| 082 |
_a344.59901 _bP3709 2023 |
||
| 100 | 1 |
_aPenaflor, Lito A. _eAuthor |
|
| 245 | 1 | 0 |
_aLabor laws and social legislation / _cLito A. Penaflor, and Karyl O. Penaflor. |
| 250 | _aSecond edition | ||
| 264 | 1 |
_aManila : _bUnlimited Books Library Services & Publishing INC., _c[2023] |
|
| 300 |
_axii, 457pages; _c25 cm |
||
| 336 |
_2 rdacontent _a text _btxt |
||
| 337 |
_2rdamedia _aunmediated _bn |
||
| 338 |
_2 rdacarrier _avolume _bnc |
||
| 504 | _aIncludes bibliographical references (pages 439-450), and index. | ||
| 650 |
_2Labor laws and legislation _zPhilippines |
||
| 650 |
_2Insurance, social _zPhilippines |
||
| 700 |
_aPeƱaflor, Karyl O. _eauthor |
||
| 942 |
_2ddc _cF |
||
| 999 |
_c81867 _d81866 |
||